श्रीमद्भागवद्गीता : (Record no. 26708)

MARC details
000 -LEADER
fixed length control field 01073nam a22002417a 4500
005 - DATE AND TIME OF LATEST TRANSACTION
control field 20190408122953.0
008 - FIXED-LENGTH DATA ELEMENTS--GENERAL INFORMATION
fixed length control field 090523t xxu||||| |||| 00| 0 hin d
010 ## - LCCN (DPL NO)
LC control number HIN-92089
020 ## - INTERNATIONAL STANDARD BOOK NUMBER
International Standard Book Number 8173153809
Terms of availability 200.00
035 ## - SYSTEM CONTROL NUMBER
System control number HN-58929, B-066092
037 ## - SOURCE OF ACQUISITION
Source of stock number/acquisition DBAD / PUB
040 ## - CATALOGING SOURCE
Original cataloging agency dpl
Language of cataloging hn
082 ## - DEWEY DECIMAL CLASSIFICATION NUMBER
Classification number 181.45
100 ## - MAIN ENTRY--PERSONAL NAME
Personal name परमानंद
9 (RLIN) 24198
245 ## - TITLE STATEMENT
Title श्रीमद्भागवद्गीता :
Remainder of title मेरा अंतिम आश्रय /
Statement of responsibility, etc परमानंद
246 ## - VARYING FORM OF TITLE
Title proper/short title Meraa antima aashraya: Srimadbhagwadgita
Remainder of title by Parmanand
260 ## - PUBLICATION, DISTRIBUTION, ETC. (IMPRINT)
Place of publication, distribution, etc नई दिल्ली
Name of publisher, distributor, etc प्रभात प्रकाशन
Date of publication, distribution, etc 2009
270 ## - ADDRESS
Address 4य19, आसफ अली रोड़
City नई दिल्ली
Postal code 110002
300 ## - PHYSICAL DESCRIPTION
Extent 198पृ.
Dimensions 22सेमी (सजिल्द)
650 ## - SUBJECT ADDED ENTRY--TOPICAL TERM
Topical term or geographic name as entry element Bhagavadgītā
General subdivision Criticism, interpretation, etc.
9 (RLIN) 24199
650 ## - SUBJECT ADDED ENTRY--TOPICAL TERM
Topical term or geographic name as entry element भगवद्गीता
General subdivision व्याख्या, समालोचना, आदि
9 (RLIN) 24200
942 ## - ADDED ENTRY ELEMENTS (KOHA)
Source of classification or shelving scheme Dewey Decimal Classification
Item type Hindi Books
Call number suffix परमा
Classification part 181.45
Holdings
Withdrawn status Lost status Source of classification or shelving scheme Damaged status Not for loan Home library Current library Date acquired Source of acquisition Cost, normal purchase price Total Checkouts Full call number Barcode Date last seen Copy number Cost, replacement price Koha item type Collection code
    Dewey Decimal Classification   Not For Loan D.B.Act.Division D.B.Act.Division 23/05/2009 DBAD / PUB 200.00   181.45 परमा HN-58929 23/05/2009 1 200.00 Hindi Books  
    Dewey Decimal Classification     Shahdara Branch Shahdara Branch 08/04/2019 BPPD/PUB 200.00   181.45 परमा B-066092 08/04/2019   200.00 Hindi Books Non-fiction

© Delhi Public Library
Hit Counter
free hit counter